[Event "GRE-ch U14"]
[Site "Thessaloniki"]
[Date "2022.08.18"]
[Round "1"]
[White "Theodoroglakis, Ioannis"]
[Black "Kalogridis, Themistoklis"]
[Result "1/2-1/2"]
[WhiteElo "1150"]
[BlackElo "1648"]
[PlyCount "60"]
[EventDate "2022.08.18"]
[EventType "swiss"]
[EventRounds "9"]
[EventCountry "GRE"]
[SourceTitle "EXT 2024"]
[Source "ChessBase"]
[SourceDate "2023.10.10"]
[SourceVersion "1"]
[SourceVersionDate "2023.10.10"]
[SourceQuality "1"]

1. c4 e6 2. Nf3 d5 3. g3 Nf6 4. Bg2 dxc4 5. 0-0 Nbd7 6. Na3 Bxa3 7. bxa3 0-0 8. Qc2 a6 9. Qxc4 b5 10. Qc2 Bb7 11. d4 Rc8 12. Rd1 Qe7 13. a4 c5 14. axb5 axb5 15. dxc5 Nxc5 16. Ba3 Be4 17. Qc3 Qa7 18. Rdc1 Nd5 19. Qxc5 Rxc5 20. Bxc5 Qa5 21. Bxf8 Kxf8 22. Nd4 Qb6 23. Bxe4 Qxd4 24. Bxd5 Qxd5 25. Rcb1 Qc4 26. Rb2 Ke7 27. Rab1 Kf6 28. e3 g6 29. a3 Qa4 30. Rxb5 Qxa3 1/2-1/2

[Event "GRE-chT Online Rapid op 1st"]
[Site "Tornelo INT"]
[Date "2021.02.21"]
[Round "6.37"]
[White "Theodoroglakis, Ioannis"]
[Black "Otake, Aineias"]
[Result "0-1"]
[WhiteElo "1058"]
[BlackElo "1008"]
[PlyCount "138"]
[EventDate "2021.02.20"]
[EventType "team-swiss (rapid)"]
[EventRounds "9"]
[EventCountry "GRE"]
[SourceTitle "EXT 2023"]
[Source "ChessBase"]
[SourceDate "2022.10.05"]
[SourceVersion "1"]
[SourceVersionDate "2022.10.05"]
[SourceQuality "1"]

1. c4 c5 2. Nc3 Nc6 3. Nf3 g6 4. g3 Bg7 5. Bg2 Nf6 6. 0-0 0-0 7. d3 d6 8. Rb1 Bg4 9. b3 Re8 10. Bb2 e5 11. Re1 Nd4 12. Nxd4 exd4 13. Nd5 Nxd5 14. Bxd5 Rb8 15. Bg2 Re7 16. h3 Bd7 17. Bc1 Qc8 18. Kh2 Bc6 19. Bxc6 Qxc6 20. Bf4 Rbe8 21. Qd2 Kh8 22. a3 b6 23. b4 Kg8 24. b5 Qd7 25. a4 Re6 26. e3 Qe7 27. Rbd1 f6 28. g4 g5 29. Bg3 h6 30. e4 Rf8 31. f3 Qd7 32. Kg2 Re7 33. a5 Ra8 34. axb6 axb6 35. Ra1 Qd8 36. Rxa8 Qxa8 37. Bxd6 Rb7 38. Bg3 Ra7 39. Qd1 Ra2+ 40. Kg1 Qa3 41. Bc7 Qa7 42. Bg3 Bf8 43. Qb3 Ra3 44. Qc2 Ra2 45. Qc1 Be7 46. Rd1 Bd8 47. Bf2 Qa4 48. Kg2 Qb3 49. Rd2 Ra3 50. Qf1 Bc7 51. Qe1 Bf4 52. Rd1 Ra2 53. Kg1 Qa3 54. Kf1 Qb3 55. Kg1 Ra3 56. Qf1 Qc2 57. Qe1 Ra2 58. Kf1 Bh2 59. Kg2 Bf4 60. Qg1 Be3 61. Rf1 Bf4 62. Rd1 Qe2 63. Re1 Qxd3 64. Qf1 Qc3 65. Kg1 Ra3 66. h4 Qxf3 67. Qg2 Qc3 68. Qf1 Ra2 69. Rd1 Be3 0-1

[Event "GRE-chT Online Rapid op 1st"]
[Site "Tornelo INT"]
[Date "2021.02.20"]
[Round "1.26"]
[White "Tsikerdanos, Konstantinos"]
[Black "Theodoroglakis, Ioannis"]
[Result "1-0"]
[WhiteElo "1863"]
[BlackElo "1058"]
[PlyCount "59"]
[EventDate "2021.02.20"]
[EventType "team-swiss (rapid)"]
[EventRounds "9"]
[EventCountry "GRE"]
[SourceTitle "EXT 2023"]
[Source "ChessBase"]
[SourceDate "2022.10.05"]
[SourceVersion "1"]
[SourceVersionDate "2022.10.05"]
[SourceQuality "1"]

1. d4 d5 2. c4 e6 3. Nc3 Nf6 4. cxd5 exd5 5. Bg5 Be7 6. e3 Nbd7 7. Bd3 c6 8. Nge2 Nb6 9. Qc2 Nh5 10. Bxe7 Qxe7 11. a3 g6 12. b4 Ng7 13. Ng3 Bg4 14. h3 Bd7 15. Rb1 0-0 16. 0-0 Rac8 17. Rbe1 Rfe8 18. f3 Qf6 19. Qf2 Nf5 20. Nxf5 Bxf5 21. e4 dxe4 22. fxe4 Rcd8 23. exf5 Rxd4 24. Rxe8+ Kg7 25. Bb1 Nc4 26. Ne4 Rxe4 27. Bxe4 Nd6 28. Re7 Qxe7 29. f6+ Kh6 30. Qh4# 1-0

[Event "GRE-ch Online Blitz op 1st"]
[Site "Tornelo INT"]
[Date "2021.02.07"]
[Round "7"]
[White "Alexiou, Andromahi"]
[Black "Theodoroglakis, Ioannis"]
[Result "0-1"]
[WhiteElo "1763"]
[BlackElo "1058"]
[PlyCount "66"]
[EventDate "2021.02.07"]
[EventType "swiss (blitz)"]
[EventRounds "16"]
[EventCountry "GRE"]
[SourceTitle "EXT 2023"]
[Source "ChessBase"]
[SourceDate "2022.10.05"]
[SourceVersion "1"]
[SourceVersionDate "2022.10.05"]
[SourceQuality "1"]

1. e4 d5 2. exd5 Qxd5 3. Nc3 Qd6 4. h3 Nf6 5. Nf3 c6 6. Bc4 Bf5 7. d3 e6 8. Ne2 Be7 9. Bf4 Qd8 10. 0-0 0-0 11. Ned4 Bg6 12. Be5 Nbd7 13. Re1 Nb6 14. Bb3 Nbd5 15. Qd2 Bd6 16. Re2 Rc8 17. Rae1 c5 18. Nb5 Bxe5 19. Nxe5 a6 20. Nc3 Nxc3 21. Qxc3 Bh5 22. Re3 Qd4 23. Qd2 Qxb2 24. Rg3 Bg6 25. Nxg6 hxg6 26. Rxg6 fxg6 27. Bxe6+ Kh8 28. Bxc8 Rxc8 29. Qg5 Qxc2 30. Qxg6 Qxa2 31. Re3 Qg8 32. h4 Qh7 33. Qf5 Qxf5 0-1

[Event "GRE-ch South U12"]
[Site "Athens"]
[Date "2020.08.28"]
[Round "1"]
[White "Mourelatos, Spyridon"]
[Black "Theodoroglakis, Ioannis"]
[Result "1-0"]
[WhiteElo "1669"]
[BlackElo "1121"]
[PlyCount "85"]
[EventDate "2020.08.28"]
[EventType "swiss"]
[EventRounds "9"]
[EventCountry "GRE"]
[SourceTitle "EXT 2023"]
[Source "ChessBase"]
[SourceDate "2022.10.05"]
[SourceVersion "1"]
[SourceVersionDate "2022.10.05"]
[SourceQuality "1"]

1. e4 d5 2. exd5 Qxd5 3. Nc3 Qd6 4. Nf3 Nf6 5. d4 c6 6. Be2 Bf5 7. 0-0 e6 8. Be3 Be7 9. Qd2 Qd8 10. Bd3 Bg6 11. Ne5 Nbd7 12. f4 Bxd3 13. Qxd3 Nb6 14. Ne4 Nbd5 15. c3 Nxe4 16. Qxe4 Nxe3 17. Qxe3 Rc8 18. b4 b6 19. Rad1 Qc7 20. Nd3 0-0 21. c4 Rfd8 22. c5 Bf6 23. Ne5 Bxe5 24. fxe5 Rd5 25. Rf4 Rcd8 26. Rdf1 R5d7 27. Rg4 bxc5 28. Qh6 g6 29. Rh4 f5 30. exf6 Rf7 31. bxc5 Qa5 32. a4 Rb8 33. Qe3 Re8 34. Re4 Ref8 35. Rxe6 Qxa4 36. Qe5 Qb5 37. Re7 Qc4 38. Rxf7 Qxf7 39. Qd6 Qb7 40. Qe6+ Kh8 41. f7 h6 42. Qxg6 Qe7 43. Qxh6# 1-0